LEADER 00756nam a2200217 i 4500 001 000000126885 003 CaOOAMICUS 005 20260324143918.0 008 070503s1994 it u000 u ita u 013 $a99593 020 $a88-17-14613-7 040 $aSeMil$bita 245 10$a1: A-H. 300 $a797 p. 773 0 $aGerard, André-Marie$tDizionario della Bibbia.$dMilano : Rizzoli, 1994.$kBUR. Dizionari$z88-17-14531-9$g1$w()17758 850 $aSeMil 852 $aSeMil$W1$xVenegono$y1$m2VV I 3$j268939$B81229$CSeMilBibl$Z2$F122771 $81 961 $aLascito: Chierichetti mons. Giovanni 996 $6020$a88-17-14613-7$9(OLS)http://semarc/number/113159 996 $6245$a1: A-H$9(OLS)http://semarc/title/458807